000 00335nam a2200133Ia 4500
008 240624s9999 xx 000 0 und d
041 _aeng
082 _a005.758 RAM
100 _aRAMPLING BLAIR
245 _aWINDOWS SERVER 2003 SECURITY BIBLE
260 _c2003
_aNew Delhi
_bWiley Dreamtech India
300 _axii, : 577
365 _cRS
999 _c938
_d938